000 00593nam a22001817a 4500
005 20170322114247.0
010 _aENG-117253
020 _a9788178442921
_c495.00
035 _aEN-100785
037 _bDBAD/PUB
082 _a881
100 _aDinkar,Ramdhari Singh
245 _aKurukshetra :
_cby Ramdhari Singh Dinkar ; trancleted by P. Adeswara Rao
_blight radiates through dialogue /
260 _aNew Delhi
_bK.K. Publication
_c2016
270 _a4806/24,Bharat Ram Road,Daryaganj
_bNew Delhi
_e110002
300 _axvi,132p.
_c22cm(Hb)
942 _2ddc
_cEN
_h881
_mDIN
999 _c137598
_d137598